000 00339 a2200157 4500
001 191435
020 _a85-7340-458-2
040 _cMagnum
100 _aBrandão, Toni
240 1 0 _aA flor da amazônia
_lpor
245 1 0 _aA flor da amazônia
300 _a82
362 0 _a2006
697 _aLITERATURA INFANTO-JUVENIL
942 _cBK
999 _c191435
_d191435